000 00852nmm a2200277 a 4500
001 ocm0001865047
003 TR-IsHL
005 20201028172426.0
008 180607s2014 tu tur
007 cr cn
020 _a9786055642648
035 _a1865047
_b(N$T)
050 0 4 _aPL248.Ü635
_bC36 2014
090 0 4 _aPL248.Ü635
_bC36 2014
100 1 _aÜnal, Can
245 1 0 _aSırlar ve günahlar
_h[electronic resource] /
_cCan Ünal
250 _aBirinci basım
260 _aİstanbul :
_bBilge Karınca,
_c2014
300 _a272 p.
650 4 _aDil ve Edebiyat
650 4 _aLanguage and Literature
650 0 _aTürk romanı
650 0 _aTurkish fiction
650 7 _aLITERARY COLLECTIONS / Middle Eastern
_2bisacsh
856 4 0 _uhttp://search.ebscohost.com/login.aspx?direct=true&scope=site&db=e011xww&AN=1865047
999 _c17194
_d17194